Man in the iron mask / (Record no. 22634)

000 -LEADER
fixed length control field 01391nam a2200289 4500
005 - DATE AND TIME OF LATEST TRANSACTION
control field 20260418113849.0
008 - FIXED-LENGTH DATA ELEMENTS--GENERAL INFORMATION
fixed length control field 260416b xxu||||| |||| 00| 0 eng d
040 ## - CATALOGING SOURCE
Transcribing agency Cagayan State University.
082 ## - DEWEY DECIMAL CLASSIFICATION NUMBER
Classification number 791.4372
Item number M266 1998
245 ## - TITLE STATEMENT
Title Man in the iron mask /
Statement of responsibility, etc directed by Randall Wallace ; written by Alexandre Dumas, Randall Wallace.
260 ## - PUBLICATION, DISTRIBUTION, ETC. (IMPRINT)
Place of publication, distribution, etc United States :
Name of publisher, distributor, etc United Artists,
Date of publication, distribution, etc 1998.
300 ## - PHYSICAL DESCRIPTION
Extent 1 videofile, (ca. 132 min.) :
Other physical details sound, color.
520 ## - SUMMARY, ETC.
Summary, etc Paris is starving, but the King of France is more interested in money and bedding women. When a young soldier dies for the sake of a shag, Aramis, Athos and Porthos band together with a plan to replace the king. Unknown to many, there is a 2nd king, a twin, hidden at birth, then imprisoned for 6 years behind an iron mask. All that remains now is D'Artagnan, will he stand against his longtime friends, or do what is best for his country.
521 ## - TARGET AUDIENCE NOTE
Target audience note Rated PG-13 for sequences of violence and some sensuality/nudity.
546 ## - LANGUAGE NOTE
Language note In English subtitle.
650 ## - SUBJECT ADDED ENTRY--TOPICAL TERM
Topical term or geographic name as entry element Period Drama
650 ## - SUBJECT ADDED ENTRY--TOPICAL TERM
Topical term or geographic name as entry element Swashbuckler
655 ## - INDEX TERM--GENRE/FORM
Genre/form data or focus term Action
655 ## - INDEX TERM--GENRE/FORM
Genre/form data or focus term Adventure
655 ## - INDEX TERM--GENRE/FORM
Genre/form data or focus term Drama
700 ## - ADDED ENTRY--PERSONAL NAME
Personal name Wallace, Randall, director and writer.
700 ## - ADDED ENTRY--PERSONAL NAME
Personal name Dumas, alexandre, writer.
700 ## - ADDED ENTRY--PERSONAL NAME
Personal name DiCaprio, Leonardo, star.
700 ## - ADDED ENTRY--PERSONAL NAME
Personal name Irons, Jeremy, star.
700 ## - ADDED ENTRY--PERSONAL NAME
Personal name Malkovich, John, star.
942 ## - ADDED ENTRY ELEMENTS (KOHA)
Source of classification or shelving scheme
Item type Audio-Visual Materials
Holdings
Source of acquisition Price effective from Permanent location Date last seen Not for loan Date acquired Source of classification or shelving scheme Koha item type Collection code Shelving location Damaged status Lost status Withdrawn status Current location Full call number
Donation2026-04-16Cagayan State University - Carig Library2026-04-16 2026-04-16 Audio-Visual MaterialsElectronic Media CenterAudio Visual   Cagayan State University - Carig Library791.4372 M266 1998

Cagayan State University University Library, Carig Campus
Tuguegarao City, Cagayan 3500 | www.csucarig.edu.ph

Powered by Koha